000 00648nam a2200205 u 4500
005 20240228063908.0
008 071010s2006 mx r 000 0 spa d
020 _a8484702375
035 _aUPN01000152811
049 _aI
050 4 _aPZ76.3
_bN6.5
100 1 _aNorac, Carl,
_d1960-
_929718
245 1 3 _aEl mejor amigo del mundo /
_cTexto de Carl Norac ; il. de Claude K. Dubois.
260 _aBarcelona, [Esp.] :
_bCorimbo,
_c2006.
300 _a[22] p. :
_bprincipalmente il. col.
650 0 _aAnimales
_vCuentos y leyendas
_9234
650 4 _aLibros y lectura para niƱos
_92290
700 1 _aDubois, Claude K.,
_eil.
905 _aInfantil
999 _c124934
_d124934